Celebrity Marriages - Sudden Death - Statistics

General Stats
  • This quiz has been taken 21,338 times
  • The average score is 12 of 20
Answers on the Grid
Answers color-coded by a green-red scale on the quiz's grid according to % correct below.
Al Pacino
Amber Heard
Angelina Jolie
Ben Affleck
Billy Bob Thornton
Brad Pitt
Calista Flockhart
Colin Farrell
Elizabeth Taylor
Emily Blunt
George Clooney
Goldie Hawn
Harrison Ford
Jack Nicholson
Jennifer Aniston
Jennifer Garner
Jennifer Lopez
John Krasinski
Johnny Depp
Katie Holmes
Keanu Reeves
Keith Urban
Leonardo DiCaprio
Marc Anthony
Matt Damon
Nicole Kidman
Oprah Winfrey
Richard Burton
Tom Cruise
Tom Holland
 
Answer Stats
Answer % Correct
Brad Pitt
89%
Angelina Jolie
88%
Amber Heard
82%
Johnny Depp
78%
Ben Affleck
72%
Tom Cruise
70%
Nicole Kidman
69%
Jennifer Lopez
66%
Jennifer Aniston
65%
Emily Blunt
57%
Katie Holmes
54%
Elizabeth Taylor
53%
John Krasinski
53%
Jennifer Garner
49%
Keith Urban
46%
Billy Bob Thornton
45%
Richard Burton
44%
Calista Flockhart
39%
Harrison Ford
39%
Marc Anthony
36%
No matching quizzes found
Score Distribution
Percent of People with Each Score
Percentile by Number Answered
Your Score History
You have not taken this quiz